Statistics for Erby obcí Piešťanského okresu

Click here to take the quiz!

General Stats

  • This quiz has been taken 4 times
  • The average score is 12 of 27

Answer Stats

Answer% Correct
Borovce
100%
Dubovany
100%
Krakovany
100%
Piešťany
100%
Rakovice
100%
Šípkové
100%
Trebatice
100%
Veselé
100%
Vrbové
100%
Chtelnica
50%
Dolný Lopašov
50%
Drahovce
50%
Hubina
50%
Kočín - Lančár
50%
Banka
0%
Bašovce
0%
Ducové
0%
Moravany nad Váhom
0%
Nižná
0%
Ostrov
0%
Pečeňady
0%
Prašník
0%
Ratnovce
0%
Sokolovce
0%
Šterusy
0%
Veľké Kostoľany
0%
Veľké Orvište
0%

Score Distribution

Percentile by Number Answered

Percent of People with Each Score

Your Score History

You have not taken this quiz